Coastal States in 23 Seconds - Statistics

General Stats
  • This quiz has been taken 8 times
  • The average score is 8 of 23
Answer Stats
Answer % Correct
California
80%
Alaska
60%
Georgia
60%
Oregon
60%
Washington
60%
Alabama
40%
Florida
40%
Hawaii
40%
Maine
40%
New York
40%
North Carolina
40%
South Carolina
40%
Texas
40%
Connecticut
20%
Delaware
20%
Louisiana
20%
Maryland
20%
Massachusetts
20%
New Hampshire
20%
New Jersey
20%
Rhode Island
20%
Mississippi
0%
Virginia
0%
No matching quizzes found
Score Distribution
Percent of People with Each Score
Percentile by Number Answered
Your Score History
You have not taken this quiz